000 00844nam a2200253Ia 4500
003 OSt
005 20221005104945.0
006 a|||||r|||| 00| 0
007 ta
008 221004b |||||||| |||| 00| 0 hin d
020 _a8185999481 (hbk)
_c350
024 _a97284
037 _b411, 23/03/2009, Swaraj Prakashan
_cTextual
040 _aCRL
_cCRL
_bhin
041 _2hin
_ahin
082 _aO152,1:g, P3
100 _aनंदकिशोर नवल
245 0 _aकविता के आर - पार
246 _aKavitā ke ār - pāra
260 _aदिल्ली
_bस्वराज प्रकाशन भारत
_c2003
300 _a206पृ0
_ccm.
942 _hO152,1:g, P3
_cTEXL
_2cc
999 _c1014304
_d1014304